• 首页
  • 本馆介绍
  • 公告通知
  • 最新文献
  • 馆藏检索
  • 电子资源
  • 读者导购
  • 参考咨询
  • 我的图书馆
  • 登录
  • 详细信息显示
  • 放入我的书架
  • 预约/预借图书
  • 作者相关作品
  • 分类相关作品
  • 丛书相关作品
  • 出版社相关作品

书目信息

  • 表格格式
  • 工作单格式
  • 卡片格式
题名:
世界情色电影精品鉴赏
    
 
作者: 蓝春雨 , 王佳泉 主编
分册: Ⅱ  
出版信息: 海口   南方出版社  2002
页数: 319-644页
开本: 23cm
丛书名:
单 册:
中图分类: J905.1
科图分类:
主题词: 故事影片--鉴赏--世界
电子资源:
ISBN: 7-80660-660-2
000 00821nam0 2200229 45
001 002406502
005 20050430155302.2
010    @a7-80660-660-2@dCNY108.00
100    @a20030709d2002 em y0chiy0110 ea
101 0  @achi
102    @aCN@b460000
105    @aa z 001yy
200 1  @a世界情色电影精品鉴赏@Ashi jie qing se dian ying jing pin jian shang@hⅡ@f蓝春雨,王佳泉主编@FLan Chun Yu,Wang Jia Quan Zhu Bian
210    @a海口@c南方出版社@d2002
215    @a319-644页@c照片@d23cm
330    @a本书精选一百部经典情色影片,收录多幅相关剧照图片,以散文的笔触叙述电影故事,对作品进行分析和评价,并录入影片的导演、主演、获奖等资料。
606 0  @a故事影片@x鉴赏@y世界
690    @aJ905.1@v4
701  0 @a蓝春雨@4主编
701  0 @a王佳泉@4主编
801  0 @aCN@bNLC@c20040203
905    @dJ905.1@e102:2@f3@b352949-951
    
    世界情色电影精品鉴赏.Ⅱ/蓝春雨,王佳泉主编.-海口:南方出版社,2002
    319-644页:照片;23cm
    
    
    ISBN 7-80660-660-2:CNY108.00
    本书精选一百部经典情色影片,收录多幅相关剧照图片,以散文的笔触叙述电影故事,对作品进行分析和评价,并录入影片的导演、主演、获奖等资料。
●
相关链接 在E读中查询图书 在五车中查询图书 在当当中查询图书 在豆瓣中查询图书


正题名:世界情色电影精品鉴赏     索取号:J905.1/102:2         预约/预借

序号 登录号 条形码 馆藏地/架位号 状态 备注
1 0352949   3529499   第一样本阅览室/ [索取号:J905.1/102:2] 在馆    
2 0352950   3529505   密集书库/ [索取号:J905.1/102:2] 在馆    
3 0352951   203529510   第一借阅区/ [索取号:J905.1/102:2] 在馆    
唐山师范学院图书馆 欢迎您!
大连网信软件有限公司© 版权所有